Tuyển tập báo cáo khoa học hội thảo động vật thân mềm toàn Quốc : Lần thứ năm : Nha Trang, 17 - 18/9/2007 = Proceedings of the fifth national workshop of marine molluscs
Tài liệu là tuyển tập các bài được báo cáo khoa học tại Nha Trang về động vật thân mềm trên toàn Quốc.
Uloženo v:
| Korporace: | , |
|---|---|
| Médium: | Kniha |
| Jazyk: | Undetermined |
| Vydáno: |
Hà Nội
Nông nghiệp
2008
|
| Témata: | |
| Tagy: |
Přidat tag
Žádné tagy, Buďte první, kdo otaguje tento záznam!
|
| Thư viện lưu trữ: | Trung tâm Học liệu Trường Đại học Cần Thơ |
|---|
| LEADER | 01084nam a2200217Ia 4500 | ||
|---|---|---|---|
| 001 | CTU_160893 | ||
| 008 | 210402s9999 xx 000 0 und d | ||
| 082 | |a 639.4 | ||
| 082 | |b V305 | ||
| 110 | |a Bộ Nông nghiệp và Phát triển Nông thôn | ||
| 110 | |b Viện nghiên cứu Nuôi trồng Thủy sản III | ||
| 245 | 0 | |a Tuyển tập báo cáo khoa học hội thảo động vật thân mềm toàn Quốc : | |
| 245 | 0 | |b Lần thứ năm : Nha Trang, 17 - 18/9/2007 = Proceedings of the fifth national workshop of marine molluscs | |
| 245 | 0 | |c Bộ Nông nghiệp và Phát triển Nông thôn. Viện nghiên cứu Nuôi trồng Thủy sản III | |
| 260 | |a Hà Nội | ||
| 260 | |b Nông nghiệp | ||
| 260 | |c 2008 | ||
| 520 | |a Tài liệu là tuyển tập các bài được báo cáo khoa học tại Nha Trang về động vật thân mềm trên toàn Quốc. | ||
| 650 | |a Mollusks | ||
| 904 | |i Giang | ||
| 980 | |a Trung tâm Học liệu Trường Đại học Cần Thơ | ||